LEADER 01401oas 2200409z- 450 001 9910567781403321 005 20220808060554.0 011 $a2788-7928 024 7 $a10.4314 035 $a(CKB)5600000000456251 035 $a(EXLCZ)995600000000456251 100 $a20220614a2021uuuu ou 101 0 $aeng 135 $aurc|#---m|||| 181 $2rdacontent 182 $2rdamedia 183 $2rdacarrier 200 00$aAR?MAR?KA $eJournal of Conversational Thinking 210 $aNigeria $cConversational Society of Philosophy (CSP)$d2021 300 $aRefereed/Peer-reviewed 330 $aDevoted to research and scholarship in philosophy written with the conversational method, primarily of the qualitative type but not excluding its quantitative variant. 517 2 $aAJCT 606 $aElectronic journals$2fast$3(OCoLC)fst00907317 606 $aSocial sciences$xPeriodicals$2fast$3(OCoLC)fst001122939 606 $aHumanities$xPeriodicals$2fast$3(OCoLC)fst0096361 606 $aPhilosophy$2fast$3(OCoLC)fst01060777 610 0$aconversational philosophy 610 0$aAfrican philosophy 610 0$aconversationalism 615 7$aElectronic journals. 615 7$aSocial sciences$xPeriodicals. 615 7$aHumanities$xPeriodicals. 615 7$aPhilosophy. 906 $aJOURNAL 912 $a9910567781403321 996 $aAR?MAR?KA$92903295 997 $aUNINA